[Event "PRO League Group Stage"]
[Site "chess.com INT"]
[Date "2020.01.30"]
[Round "4"]
[White "Van Foreest, Jorden"]
[Black "Bauer, Christian"]
[Result "1-0"]
[WhiteTitle "GM"]
[BlackTitle "GM"]
[WhiteElo "2644"]
[BlackElo "2625"]
[WhiteTeam "Netherlands Mosquitoes"]
[BlackTeam "France Roosters"]
[WhiteFideId "1039784"]
[BlackFideId "603767"]
[EventDate "2020.01.06"]

1. e4 d5 2. exd5 Qxd5 3. Nc3 Qd8 4. d4 Nf6 5. Nf3 g6 6. Bc4 Bg7 7. O-O O-O 8. h3
a6 9. a4 b6 10. Qe2 Bb7 11. Bg5 Nc6 12. Rad1 Nb4 13. Ne5 Nbd5 14. Nxd5 Nxd5 15.
Ng4 Qd6 16. Bb3 h5 17. Ne5 Kh7 18. c4 Nf6 19. Bc2 Kg8 20. Rfe1 Rad8 21. Qe3 Qb4
22. b3 b5 23. Nd3 Qc3 24. Nc5 Qxc2 25. Nxb7 Rb8 26. Rc1 Qf5 27. Nc5 bxc4 28.
bxc4 a5 29. Qe5 Rfe8 30. Qxf5 gxf5 31. Bxf6 Bxf6 32. Nd7 Rbd8 33. Nxf6+ exf6 34.
Rxe8+ Rxe8 35. Kf1 Re4 36. d5 Rd4 37. Ke2 f4 38. g3 Kf8 39. Kf3 Ke7 40. Re1+ Kd6
41. Re4 Kc5 42. Rxd4 Kxd4 43. Kxf4 Kxc4 44. h4 Kxd5 45. g4 Ke6 46. gxh5 Ke7 47.
Ke4 Kf8 48. Kd5 Kg7 49. Kc6 1-0

[Event "PRO League Group Stage"]
[Site "chess.com INT"]
[Date "2020.01.30"]
[Round "4"]
[White "Gozzoli, Yannick"]
[Black "Van der Lende, Ilias"]
[Result "1-0"]
[WhiteTitle "GM"]
[BlackTitle "IM"]
[WhiteElo "2604"]
[BlackElo "2393"]
[WhiteTeam "France Roosters"]
[BlackTeam "Netherlands Mosquitoes"]
[WhiteFideId "616915"]
[BlackFideId "1019260"]
[EventDate "2020.01.06"]

1. d4 e6 2. Nf3 Nf6 3. c4 d5 4. Nc3 dxc4 5. Qa4+ c6 6. Qxc4 b5 7. Qd3 b4 8. Ne4
Nxe4 9. Qxe4 Be7 10. Bf4 O-O 11. e3 Qa5 12. Bc4 b3+ 13. Ke2 bxa2 14. Rxa2 Qb4
15. Rc1 Bb7 16. Bd3 g6 17. Bh6 Re8 18. Ne5 Bf6 19. Qf4 Qe7 20. Ra3 Bg7 21. Bxg7
Kxg7 22. Rb3 Ba6 23. Bxa6 Nxa6 24. Rxc6 Nb4 25. Rxb4 g5 26. Qf3 f6 27. Rbc4 1-0

[Event "PRO League Group Stage"]
[Site "chess.com INT"]
[Date "2020.01.30"]
[Round "4"]
[White "Cornette, Matthieu"]
[Black "Vrolijk, Liam"]
[Result "1-0"]
[WhiteTitle "GM"]
[BlackTitle "IM"]
[WhiteElo "2555"]
[BlackElo "2478"]
[WhiteTeam "France Roosters"]
[BlackTeam "Netherlands Mosquitoes"]
[WhiteFideId "620084"]
[BlackFideId "1048333"]
[EventDate "2020.01.06"]

1. d4 Nf6 2. Nf3 d5 3. Bf4 e6 4. e3 Bd6 5. Bg3 c5 6. Nbd2 O-O 7. c3 Qc7 8. dxc5
Qxc5 9. Bd3 Nbd7 10. Qe2 e5 11. e4 dxe4 12. Bxe4 Qc7 13. Bc2 b6 14. O-O Bb7 15.
Rfd1 Rfe8 16. Qc4 Nc5 17. Nf1 Rad8 18. Qh4 e4 19. Nd4 Bxg3 20. Nxg3 Qe5 21. Re1
h5 22. Ngf5 g6 23. f4 Qc7 24. Qxf6 gxf5 25. Nxf5 Ne6 26. Re3 Qc5 27. b4 1-0

[Event "PRO League Group Stage"]
[Site "chess.com INT"]
[Date "2020.01.30"]
[Round "4"]
[White "Moroni, Luca Jr"]
[Black "Hammer, Jon Ludvig"]
[Result "1-0"]
[WhiteTitle "GM"]
[BlackTitle "GM"]
[WhiteElo "2532"]
[BlackElo "2628"]
[WhiteTeam "Italy Gladiators"]
[BlackTeam "Norway Gnomes"]
[WhiteFideId "865834"]
[BlackFideId "1503707"]
[EventDate "2020.01.06"]

1. d4 Nf6 2. Bf4 g6 3. Nc3 d5 4. Nb5 Na6 5. e3 Bg7 6. Be2 O-O 7. h3 Ne4 8. Nf3
c6 9. Na3 Qa5+ 10. Nd2 c5 11. Nb5 Bd7 12. a4 c4 13. f3 Nf6 14. Nc3 Nh5 15. Bh2
Rfe8 16. g4 e5 17. dxe5 Bxe5 18. Bxe5 Rxe5 19. gxh5 Nb4 20. hxg6 hxg6 21. Nf1
Rae8 22. Qd2 d4 23. exd4 Rxe2+ 24. Nxe2 Nxc2+ 25. Kf2 Qxd2 26. Nxd2 Nxa1 27.
Rxa1 1-0

[Event "PRO League Group Stage"]
[Site "chess.com INT"]
[Date "2020.01.30"]
[Round "4"]
[White "Moiseenko, Alexander"]
[Black "Christiansen, Johan-Sebastian"]
[Result "0-1"]
[WhiteTitle "GM"]
[BlackTitle "GM"]
[WhiteElo "2620"]
[BlackElo "2600"]
[WhiteTeam "Italy Gladiators"]
[BlackTeam "Norway Gnomes"]
[WhiteFideId "14102560"]
[BlackFideId "1512668"]
[EventDate "2020.01.06"]

1. d4 d5 2. c4 dxc4 3. e3 e5 4. Bxc4 Nc6 5. Nf3 e4 6. Nfd2 Qg5 7. Nxe4 Qxg2 8.
Ng3 Qh3 9. Bf1 Qh4 10. Bg2 Nf6 11. Nc3 Bh3 12. Bxc6+ bxc6 13. Qf3 Bd7 14. e4 Bb4
15. Bd2 O-O 16. e5 Bxc3 17. bxc3 Nd5 18. Qe4 Qxe4+ 19. Nxe4 Bf5 20. Nc5 Rab8 21.
c4 Nb4 22. Bxb4 Rxb4 23. Rc1 Rd8 24. Nb3 Ra4 25. O-O Rxa2 26. Ra1 Rb2 27. Ra3
Bc2 28. Nc5 Rxd4 29. Rxa7 h5 30. e6 fxe6 31. h3 Bf5 32. Rxc7 Rxc4 33. Nd7 Bxh3
34. Ra1 Kh7 35. Ra5 Bf5 36. Ne5 Rc1+ 37. Kg2 Rcc2 38. Raa7 Rxf2+ 39. Kg3 h4+ 40.
Kxh4 Rg2 41. Nf3 Rb4+ 42. Kh5 Bg6# 0-1

[Event "PRO League Group Stage"]
[Site "chess.com INT"]
[Date "2020.01.30"]
[Round "4"]
[White "Niemann, Hans Moke"]
[Black "Valsecchi, Alessio"]
[Result "1/2-1/2"]
[WhiteTitle "IM"]
[BlackTitle "GM"]
[WhiteElo "2465"]
[BlackElo "2512"]
[WhiteTeam "Norway Gnomes"]
[BlackTeam "Italy Gladiators"]
[WhiteFideId "2093596"]
[BlackFideId "818860"]
[EventDate "2020.01.06"]

1. Nf3 d5 2. c4 e6 3. b3 Nf6 4. Bb2 Be7 5. e3 O-O 6. Be2 c5 7. O-O Nc6 8. d4 a6
9. Nc3 cxd4 10. Nxd4 Nxd4 11. Qxd4 dxc4 12. Qxc4 b5 13. Qh4 Qd2 14. Rab1 Nd5 15.
Qe4 f5 16. Qd3 Qxd3 17. Bxd3 Nxc3 18. Bxc3 Rd8 19. Rfd1 Bb7 20. Kf1 Rac8 21. Ba5
Rxd3 22. Rxd3 Be4 23. Rbd1 Bxd3+ 24. Rxd3 Rc2 25. Rd2 Rxd2 26. Bxd2 Kf7 27. Ke2
Bd6 28. h3 e5 29. e4 fxe4 30. Ke3 Ke6 31. Kxe4 h5 32. Bc3 g6 33. Ba5 Bb8 34. Bb4
Ba7 35. Be1 Bb6 36. g4 hxg4 37. hxg4 Bc5 38. f3 Bb6 39. Bc3 Bc7 40. Bd2 Bd6 41.
Be3 Bc7 42. Bc5 Bb8 43. Bb6 Bd6 44. Ba7 Bc7 45. Bc5 Bb8 46. Be3 Bc7 47. f4 exf4
48. Bxf4 Bb6 49. Bg3 Bc5 50. Bb8 Bb6 51. Kf4 Bc5 52. Ke4 Bb6 53. Be5 Bc5 54. a4
bxa4 55. bxa4 Bb6 56. Bc3 Bc5 57. Kf4 Bd6+ 58. Ke4 Bc5 59. Ba5 Ba7 60. Bc7 Bc5
61. Kf4 Bd4 62. Kg5 Kf7 63. Kf4 Ke6 64. Ke4 Bc5 65. Bb8 Bb6 66. Bf4 Bc5 67. Be5
Bb6 68. Bc3 Bc5 1/2-1/2

[Event "PRO League Group Stage"]
[Site "chess.com INT"]
[Date "2020.01.30"]
[Round "4"]
[White "Bartel, Mateusz"]
[Black "Forcen Esteban, Daniel"]
[Result "1/2-1/2"]
[WhiteTitle "GM"]
[BlackTitle "GM"]
[WhiteElo "2639"]
[BlackElo "2548"]
[WhiteTeam "Poland Hussars"]
[BlackTeam "Spain Raptors"]
[WhiteFideId "1112635"]
[BlackFideId "2288230"]
[EventDate "2020.01.06"]

1. Nf3 g6 2. e4 c5 3. d4 cxd4 4. Qxd4 Nf6 5. Nc3 Nc6 6. Qa4 Qc7 7. Bg5 Bg7 8.
Bxf6 exf6 9. Nb5 Qb8 10. O-O-O O-O 11. Nd6 a6 12. Bc4 b5 13. Bxf7+ Rxf7 14. Qb3
Nd8 15. Kb1 Ne6 16. Nxf7 Kxf7 17. h4 h5 18. e5 Qc7 19. Qd5 Qc6 20. Qxc6 dxc6 21.
Rd6 fxe5 22. Re1 Ra7 23. Nxe5+ Bxe5 24. Rxe5 Bd7 25. b4 a5 26. a3 axb4 27. axb4
Ke7 28. Rd3 Ra4 29. c3 Ra8 30. g3 Rf8 31. f4 Rf5 32. Re1 Rd5 33. Rxd5 cxd5 34.
Kc2 Kd6 35. Kd2 Ng7 36. Ke3 Nf5+ 37. Kf2 Kc6 38. Ra1 Nd6 39. Ke3 Nf5+ 40. Kf2 d4
41. Ra6+ Kd5 42. cxd4 Bc6 43. Ra7 Kxd4 44. Rc7 Be4 45. Rc8 Nd6 46. Rd8 Kd5 47.
Ke3 Bf5 48. Kd2 Kc6 49. Ke3 Ne4 50. Kd4 Nxg3 51. Rf8 Ne2+ 52. Ke5 Nc3 53. Rf6+
Kd7 54. Kd4 Ne4 55. Rb6 Nd2 56. Rxb5 Nf3+ 57. Kd5 Nxh4 58. Rb7+ Kc8 59. Rh7 Ng2
60. Ke5 Ne3 61. b5 Ng4+ 62. Kd6 Nf6 63. Rc7+ Kb8 64. Rf7 Ne8+ 65. Ke5 h4 66. Rf8
Bd7 67. Rg8 h3 68. Rxg6 h2 69. Rh6 Bxb5 70. Rxh2 Kc7 71. Rh7+ Kd8 72. f5 Bd3 73.
Ra7 Bxf5 74. Kxf5 Kc8 75. Ke6 Nc7+ 76. Ke5 Kb8 77. Ra5 Kb7 78. Kd6 Kb6 79. Ra1
Nb5+ 80. Kd5 Nc7+ 81. Kc4 Kc6 82. Rd1 Nb5 83. Rh1 Nd6+ 84. Kd4 Nb5+ 85. Ke5 Kc5
86. Rc1+ Kb6 87. Kd5 Nc7+ 88. Kd6 Nb5+ 89. Kd7 Nd4 90. Rc4 Nb5 91. Rc6+ Ka5 92.
Rg6 Kb4 93. Kc6 Kc4 94. Rg4+ Nd4+ 95. Kd6 Kd3 96. Kd5 Nf5 97. Re4 Ne3+ 98. Rxe3+
Kxe3 1/2-1/2

[Event "PRO League Group Stage"]
[Site "chess.com INT"]
[Date "2020.01.30"]
[Round "4"]
[White "Wojtaszek, Radoslaw"]
[Black "Diaz Camallonga, Carles"]
[Result "1-0"]
[WhiteTitle "GM"]
[BlackTitle "IM"]
[WhiteElo "2725"]
[BlackElo "2474"]
[WhiteTeam "Poland Hussars"]
[BlackTeam "Spain Raptors"]
[WhiteFideId "1118358"]
[BlackFideId "22235256"]
[EventDate "2020.01.06"]

1. c4 e6 2. Nc3 d5 3. d4 Be7 4. cxd5 exd5 5. Bf4 c6 6. e3 Bf5 7. g4 Be6 8. h3 h5
9. gxh5 Nd7 10. Bd3 Ndf6 11. Qb3 Qb6 12. Qc2 Nxh5 13. Be5 Ngf6 14. O-O-O Nd7 15.
Bh2 Nhf6 16. Kb1 Rc8 17. Nf3 c5 18. Ng5 cxd4 19. exd4 Bb4 20. Ka1 Qa5 21. Rc1
O-O 22. Rhg1 Kh8 23. Qd2 Bxc3 24. bxc3 Rc6 25. Be5 Rfc8 26. Nxe6 Rxe6 27. Qg5 g6
28. Bxg6 fxg6 29. Qxg6 1-0

[Event "PRO League Group Stage"]
[Site "chess.com INT"]
[Date "2020.01.30"]
[Round "4"]
[White "Martinez Reyes, Pedro Ramon"]
[Black "Klekowski, Maciej"]
[Result "1/2-1/2"]
[WhiteTitle "FM"]
[BlackTitle "IM"]
[WhiteElo "2407"]
[BlackElo "2515"]
[WhiteTeam "Spain Raptors"]
[BlackTeam "Poland Hussars"]
[WhiteFideId "3901807"]
[BlackFideId "1132717"]
[EventDate "2020.01.06"]

1. Nf3 Nf6 2. g3 c5 3. Bg2 g6 4. O-O Bg7 5. c3 O-O 6. d4 Na6 7. Be3 d6 8. dxc5
Nxc5 9. Bxc5 dxc5 10. Qxd8 Rxd8 11. Na3 Be6 12. Ng5 Bd5 13. Rfd1 Bxg2 14. Kxg2
Kf8 15. Nc4 h6 16. Nf3 Ke8 17. a4 Rxd1 18. Rxd1 Nd7 19. Nfd2 b6 20. Nf1 Rb8 21.
Nfe3 Ne5 22. Rd5 Nxc4 23. Nxc4 Rd8 24. Rxd8+ Kxd8 25. Kf3 Kc7 26. Ke4 e6 27. f4
a6 28. Kd3 b5 29. axb5 axb5 30. Na3 Kc6 31. e4 f5 32. exf5 exf5 33. Nc2 c4+ 34.
Ke3 Kd5 35. Nb4+ Kc5 36. Na6+ Kd6 37. Nb4 Bf6 38. h3 Bd8 39. Nc2 Kd5 40. Nb4+
Kd6 41. Nc2 h5 42. Kf3 Bb6 43. Na3 Kc6 44. Nc2 Bc5 45. g4 Kd5 1/2-1/2

[Event "PRO League Group Stage"]
[Site "chess.com INT"]
[Date "2020.01.30"]
[Round "4"]
[White "Herrera Reyes, Jose Antonio"]
[Black "Gajewski, Grzegorz"]
[Result "1-0"]
[WhiteTitle "FM"]
[BlackTitle "GM"]
[WhiteElo "2304"]
[BlackElo "2614"]
[WhiteTeam "Spain Raptors"]
[BlackTeam "Poland Hussars"]
[WhiteFideId "2274914"]
[BlackFideId "1116207"]
[EventDate "2020.01.06"]

1. Nf3 d5 2. g3 Nf6 3. Bg2 c5 4. O-O g6 5. d3 Nc6 6. c3 Bg7 7. a3 O-O 8. b4 b6
9. bxc5 bxc5 10. Be3 Nd7 11. Qc1 Qa5 12. Bh6 Rb8 13. Bxg7 Kxg7 14. Nbd2 Nf6 15.
e4 dxe4 16. dxe4 Ba6 17. Re1 Ng4 18. e5 Qc7 19. e6 f5 20. c4 Qa5 21. Rb1 Rxb1
22. Qxb1 Qxa3 23. Qa1+ Qxa1 24. Rxa1 Nb4 25. Ra5 Rc8 26. Bf1 Kf6 27. Nb3 Bb7 28.
Bg2 Nc6 29. Rxc5 Nd8 30. Nfd4 Rxc5 31. Nxc5 Bxg2 32. Nd7+ Kg7 33. Kxg2 a5 34. c5
Ne5 35. Nxe5 1-0

[Event "PRO League Group Stage"]
[Site "chess.com INT"]
[Date "2020.01.30"]
[Round "4"]
[White "Edouard, Romain"]
[Black "Van Foreest, Jorden"]
[Result "0-1"]
[WhiteTitle "GM"]
[BlackTitle "GM"]
[WhiteElo "2640"]
[BlackElo "2644"]
[WhiteTeam "France Roosters"]
[BlackTeam "Netherlands Mosquitoes"]
[WhiteFideId "633429"]
[BlackFideId "1039784"]
[EventDate "2020.01.06"]

1. Nf3 d5 2. b3 c5 3. Bb2 f6 4. e4 dxe4 5. Nh4 Nh6 6. g3 Nc6 7. Nc3 g5 8. Ng2
Nd4 9. Be2 Bh3 10. Ne3 f5 11. d3 Bg7 12. dxe4 O-O 13. exf5 Nhxf5 14. Qd3 Nxe2
15. Qxe2 Nd4 16. Qd3 Nf3+ 17. Ke2 Qxd3+ 18. cxd3 Nd4+ 19. Ke1 b5 20. Rb1 Rad8
21. Ne4 c4 22. Nxg5 Bc8 23. dxc4 Bb7 24. Nd5 e6 25. Bxd4 Bxd4 26. Rd1 Bxf2+ 27.
Kf1 Bc5+ 0-1

[Event "PRO League Group Stage"]
[Site "chess.com INT"]
[Date "2020.01.30"]
[Round "4"]
[White "Bauer, Christian"]
[Black "Van Wely, Loek"]
[Result "1-0"]
[WhiteTitle "GM"]
[BlackTitle "GM"]
[WhiteElo "2625"]
[BlackElo "2609"]
[WhiteTeam "France Roosters"]
[BlackTeam "Netherlands Mosquitoes"]
[WhiteFideId "603767"]
[BlackFideId "1000268"]
[EventDate "2020.01.06"]

1. e4 c5 2. c3 d5 3. d3 Nc6 4. Nf3 g6 5. Na3 Bg7 6. exd5 Qxd5 7. Qb3 Nf6 8. Nb5
Qd8 9. Be3 b6 10. d4 a6 11. Na3 Nd5 12. Rd1 Nxe3 13. fxe3 Qc7 14. Be2 O-O 15.
O-O b5 16. Qd5 cxd4 17. exd4 Bb7 18. Qg5 Rad8 19. Nc2 e6 20. Ne3 b4 21. Ng4 bxc3
22. bxc3 f5 23. Ne3 h6 24. Qxg6 Kh8 25. Nc4 Rg8 26. Qh5 Rd5 27. Rb1 Ba8 28. Nb6
Ra5 29. Bc4 Nd8 30. Rf2 Be4 31. Rbb2 Ra3 32. d5 Rxc3 33. dxe6 Rc1+ 34. Bf1 Bxb2
35. Rxb2 Bxf3 36. Qxh6+ Qh7 37. Qxc1 Qg7 38. Rf2 Be4 39. e7 Qxe7 40. Qc3+ Qg7
41. Qxg7+ Rxg7 42. Bxa6 Ne6 43. Bf1 Nd4 44. Nc4 Nf3+ 45. Kh1 Nd4 46. Nd6 Rc7 47.
Nxe4 f4 48. Rxf4 1-0

[Event "PRO League Group Stage"]
[Site "chess.com INT"]
[Date "2020.01.30"]
[Round "4"]
[White "Vrolijk, Liam"]
[Black "Gozzoli, Yannick"]
[Result "0-1"]
[WhiteTitle "IM"]
[BlackTitle "GM"]
[WhiteElo "2478"]
[BlackElo "2604"]
[WhiteTeam "Netherlands Mosquitoes"]
[BlackTeam "France Roosters"]
[WhiteFideId "1048333"]
[BlackFideId "616915"]
[EventDate "2020.01.06"]

1. c4 e5 2. g3 Nf6 3. Bg2 h6 4. d3 Bb4+ 5. Nd2 O-O 6. Nf3 d6 7. a3 Bxd2+ 8. Nxd2
Nc6 9. O-O a5 10. b3 Be6 11. Bb2 Qd7 12. Re1 Nh7 13. e3 Bh3 14. Bh1 f5 15. f4
Rae8 16. Nf3 Nf6 17. Qd2 Ng4 18. b4 axb4 19. axb4 Re7 20. b5 Nd8 21. Nh4 Rf6 22.
e4 fxe4 23. dxe4 Ne6 24. Ra8+ Rf8 25. Rxf8+ Nxf8 26. Qd5+ Kh7 27. Qxb7 Ne6 28.
f5 Nc5 29. Qd5 Nf6 30. Qd2 Re8 31. Ba3 Qf7 32. Qc3 Nfd7 33. Bf3 Ra8 34. Bd1 Qf6
35. Ng6 Nxe4 36. Rxe4 Bxf5 37. Re1 Bxg6 38. Rf1 Qe6 39. Bf3 e4 40. Be2 Ne5 41.
Bc1 Ra2 42. Bb2 Qe7 43. c5 dxc5 44. Re1 Nd7 45. Bc4 Ra4 46. Bd5 Rd4 47. Bc6 Ne5
48. Ba3 Rc4 49. Qe3 Qd6 50. Rf1 Nf3+ 51. Kh1 Rc2 52. Rf2 Qd1+ 53. Kg2 Qg1+ 0-1

[Event "PRO League Group Stage"]
[Site "chess.com INT"]
[Date "2020.01.30"]
[Round "4"]
[White "Van der Lende, Ilias"]
[Black "Cornette, Matthieu"]
[Result "0-1"]
[WhiteTitle "IM"]
[BlackTitle "GM"]
[WhiteElo "2393"]
[BlackElo "2555"]
[WhiteTeam "Netherlands Mosquitoes"]
[BlackTeam "France Roosters"]
[WhiteFideId "1019260"]
[BlackFideId "620084"]
[EventDate "2020.01.06"]

1. e4 c5 2. c3 Nf6 3. e5 Nd5 4. d4 cxd4 5. Nf3 Nc6 6. cxd4 g6 7. h4 d6 8. h5
dxe5 9. hxg6 fxg6 10. Nxe5 Bg7 11. Bc4 Nxe5 12. dxe5 Nb6 13. Bd3 Bf5 14. Bxf5
Qxd1+ 15. Kxd1 gxf5 16. f4 O-O-O+ 17. Ke2 Nd5 18. Bd2 h5 19. Nc3 Nb4 20. Rh3 Rh6
21. Nb5 Nc6 22. Rc1 Kb8 23. Rg3 Bf8 24. Be3 a6 25. Na3 h4 26. Rg8 h3 27. Bb6 Rc8
28. gxh3 Rxh3 29. Nc4 Bh6 30. Rxc8+ Kxc8 31. Rg1 Bxf4 32. e6 Bc7 33. Rg8+ Nd8
34. Bc5 Rh6 35. Kf3 Rxe6 36. Rf8 Rc6 37. b4 b6 38. Bxe7 Rxc4 39. Rxf5 Ne6 40. b5
Nd4+ 0-1

[Event "PRO League Group Stage"]
[Site "chess.com INT"]
[Date "2020.01.30"]
[Round "4"]
[White "Hammer, Jon Ludvig"]
[Black "Moiseenko, Alexander"]
[Result "1-0"]
[WhiteTitle "GM"]
[BlackTitle "GM"]
[WhiteElo "2628"]
[BlackElo "2620"]
[WhiteTeam "Norway Gnomes"]
[BlackTeam "Italy Gladiators"]
[WhiteFideId "1503707"]
[BlackFideId "14102560"]
[EventDate "2020.01.06"]

1. c4 e5 2. g3 c6 3. Nf3 d6 4. Nc3 f5 5. e4 Nf6 6. exf5 Bxf5 7. d4 e4 8. Nh4 Bg4
9. Be2 Bh3 10. d5 Be7 11. g4 Nxd5 12. Nxd5 Bxh4 13. Nf4 O-O 14. Nxh3 d5 15. Be3
Bf6 16. Bd4 Qa5+ 17. Kf1 Nd7 18. cxd5 cxd5 19. Bxf6 Rxf6 20. b4 Qa3 21. Qxd5+
Kh8 22. Qb3 1-0

[Event "PRO League Group Stage"]
[Site "chess.com INT"]
[Date "2020.01.30"]
[Round "4"]
[White "Christiansen, Johan-Sebastian"]
[Black "Moroni, Luca Jr"]
[Result "1/2-1/2"]
[WhiteTitle "GM"]
[BlackTitle "GM"]
[WhiteElo "2600"]
[BlackElo "2532"]
[WhiteTeam "Norway Gnomes"]
[BlackTeam "Italy Gladiators"]
[WhiteFideId "1512668"]
[BlackFideId "865834"]
[EventDate "2020.01.06"]

1. e4 e5 2. Nf3 Nc6 3. Nc3 Nf6 4. d4 exd4 5. Nxd4 Bb4 6. Nxc6 bxc6 7. Bd3 O-O 8.
O-O d5 9. exd5 cxd5 10. h3 c6 11. Qf3 Rb8 12. Bf4 Bd6 13. b3 Rb4 14. Ne2 c5 15.
a3 Rb6 16. Ng3 Be6 17. Bg5 h6 18. Bxf6 Qxf6 19. Qxf6 gxf6 20. Nf5 Be5 21. Rae1
h5 22. f4 Bc3 23. Re2 c4 24. bxc4 dxc4 25. Be4 Rd8 26. Rf3 Rb1+ 27. Kh2 Bd2 28.
Ne3 c3 29. f5 Ba2 30. Bd3 h4 31. Ng4 Kg7 32. Nf2 Bd5 33. Ne4 Be1 34. Rf1 Bxe4
35. Rxe4 Bg3+ 36. Kg1 Rxf1+ 37. Kxf1 Rd5 38. Rc4 Ra5 39. a4 Re5 40. Be4 Ra5 41.
Ke2 Be5 42. Kf3 Ra6 43. Bd3 Rd6 44. Rg4+ Kf8 45. Rxh4 Rd4 46. Rxd4 Bxd4 47. a5
Be5 48. Ke4 a6 49. Bxa6 Bc7 50. Kd4 Bxa5 51. Bc4 Kg7 52. h4 Kf8 53. h5 Kg7 54.
Bd5 Kg8 55. Kc4 Kg7 56. g4 Kg8 57. Bc6 Kg7 58. Bd7 Kh6 59. Be8 Kg7 60. h6+ Kxh6
61. Bxf7 Kg5 62. Bh5 Kf4 63. Kd5 Kg5 64. Kc5 Bc7 65. Kc4 Be5 1/2-1/2

[Event "PRO League Group Stage"]
[Site "chess.com INT"]
[Date "2020.01.30"]
[Round "4"]
[White "Sonis, Francesco"]
[Black "Niemann, Hans Moke"]
[Result "0-1"]
[WhiteTitle "IM"]
[BlackTitle "IM"]
[WhiteElo "2458"]
[BlackElo "2465"]
[WhiteTeam "Italy Gladiators"]
[BlackTeam "Norway Gnomes"]
[WhiteFideId "895733"]
[BlackFideId "2093596"]
[EventDate "2020.01.06"]

1. c4 g6 2. g3 Bg7 3. Bg2 c5 4. Nc3 Nc6 5. e3 Nh6 6. h4 d6 7. Nge2 O-O 8. d3 Ng4
9. h5 g5 10. f3 Nh6 11. e4 e6 12. Be3 f5 13. Qd2 Nf7 14. exf5 exf5 15. f4 g4 16.
d4 Re8 17. dxc5 Be6 18. b3 dxc5 19. Rd1 Qe7 20. Kf2 Rad8 21. Nd5 Bxd5 22. cxd5
Nb4 23. Rhe1 Nd6 24. Nc3 Qf6 25. Bxc5 Na6 26. Rxe8+ Rxe8 27. Bd4 Qxd4+ 28. Qxd4
Bxd4+ 29. Rxd4 Rc8 30. Rd3 Nc5 31. Re3 a5 32. Ke2 Kf7 33. Kd1 b5 34. Ne2 Nce4
35. Bxe4 Nxe4 36. Nd4 Kf6 37. Nxb5 Rc5 38. a4 Rxd5+ 39. Kc1 Nd2 40. Nc3 Rd8 41.
Kc2 Nf3 42. Kc1 Kg7 43. Ne2 Kh6 44. Re6+ Kxh5 45. Rf6 Rd5 46. Nc3 Rd3 47. Kc2
Rd2+ 48. Kc1 Rd3 49. Nb5 Rxb3 50. Rxf5+ Kg6 51. Rc5 Rb4 52. Nc3 Nd4 53. Ne4 Nb3+ 0-1

[Event "PRO League Group Stage"]
[Site "chess.com INT"]
[Date "2020.01.30"]
[Round "4"]
[White "Forcen Esteban, Daniel"]
[Black "Wojtaszek, Radoslaw"]
[Result "1/2-1/2"]
[WhiteTitle "GM"]
[BlackTitle "GM"]
[WhiteElo "2548"]
[BlackElo "2725"]
[WhiteTeam "Spain Raptors"]
[BlackTeam "Poland Hussars"]
[WhiteFideId "2288230"]
[BlackFideId "1118358"]
[EventDate "2020.01.06"]

1. c4 Nf6 2. Nf3 b6 3. g3 Bb7 4. Bg2 g6 5. O-O Bg7 6. Nc3 O-O 7. Re1 d5 8. cxd5
Nxd5 9. Nxd5 Bxd5 10. e4 Bb7 11. d4 c5 12. d5 Na6 13. Qa4 Nb4 14. Rd1 Qe8 15.
Qxe8 Rfxe8 16. Ne1 Rad8 17. a3 Nc6 18. Rb1 Nd4 19. Be3 e6 20. dxe6 Rxe6 21. b4
Bxe4 22. Bxe4 Rxe4 23. bxc5 bxc5 24. Kg2 Rc8 25. Rb7 Nf5 26. Bc1 c4 27. Nf3 c3
28. Rdd7 c2 29. Rdc7 Rxc7 30. Rxc7 Nd6 31. Rxc2 Rc4 32. Rd2 Rxc1 33. Rxd6 Bf8
34. Rd8 Kg7 35. Rd7 Bxa3 36. Ng5 Kf6 37. h4 Be7 38. Nxh7+ Ke6 39. Rxa7 f6 40. g4
Rc8 41. Ra6+ Kf7 42. g5 fxg5 43. hxg5 Rh8 44. Nf6 Bxf6 45. Rxf6+ Kg7 46. Ra6 Kf7
47. f4 Rb8 48. Kf3 Rb1 49. Ra7+ Kf8 50. Rd7 Rb4 51. Ke3 Ra4 52. Rd4 Ra5 53. Ke4
Ke7 54. Rb4 Ke6 55. Rb7 Ra4+ 56. Kf3 Ra3+ 57. Kg4 Ra1 58. Rg7 Rg1+ 59. Kf3 Rf1+
60. Kg3 Kf5 61. Rf7+ Ke4 62. Rf6 Rg1+ 63. Kh3 Kf3 64. Kh2 Rg2+ 65. Kh1 Rg4 66.
Rxg6 Kxf4 67. Kh2 Rxg5 68. Rxg5 Kxg5 1/2-1/2

[Event "PRO League Group Stage"]
[Site "chess.com INT"]
[Date "2020.01.30"]
[Round "4"]
[White "Diaz Camallonga, Carles"]
[Black "Bartel, Mateusz"]
[Result "0-1"]
[WhiteTitle "IM"]
[BlackTitle "GM"]
[WhiteElo "2474"]
[BlackElo "2639"]
[WhiteTeam "Spain Raptors"]
[BlackTeam "Poland Hussars"]
[WhiteFideId "22235256"]
[BlackFideId "1112635"]
[EventDate "2020.01.06"]

1. e4 c6 2. Nf3 d5 3. Nc3 Bg4 4. Be2 e6 5. d4 Bb4 6. O-O Ne7 7. a3 Ba5 8. Bd3
Nd7 9. Re1 O-O 10. exd5 Nxd5 11. Bxh7+ Kxh7 12. Re4 Bxf3 13. Qxf3 Kg8 14. Rg4 f5
15. Rg3 Qf6 16. Bg5 Qxd4 17. Bh6 Rf7 18. Re1 Ne5 19. Qh5 Ng4 20. Be3 Ndxe3 21.
fxe3 Qd2 22. Rd1 Qf2+ 23. Kh1 Bxc3 24. bxc3 Qxc2 25. Rf1 Rd8 26. Rxg4 Qd3 27.
Rgf4 Qxe3 28. Rh4 Kf8 29. Qg6 Ke7 30. Rh3 Qd2 31. Qg3 Qd6 32. Qe3 b6 33. Qe2
Qxa3 34. Re3 Rd6 35. c4 Qc5 36. Re1 Rf6 37. Rg3 g6 38. Rh3 f4 39. Rh7+ Rf7 40.
Rxf7+ Kxf7 41. Rf1 Qf5 42. c5 bxc5 43. Qa6 g5 44. Qxa7+ Kg6 45. Qb8 Rd7 46. Qg8+
Kh6 47. Qh8+ Rh7 48. Qe8 Rf7 49. Qxc6 Qd5 50. Qe8 Kg7 51. Qb5 f3 52. Qb2+ e5 53.
gxf3 Rxf3 54. Rxf3 Qxf3+ 55. Kg1 Qg4+ 56. Kh1 Qe4+ 57. Kg1 Qd4+ 0-1

[Event "PRO League Group Stage"]
[Site "chess.com INT"]
[Date "2020.01.30"]
[Round "4"]
[White "Gajewski, Grzegorz"]
[Black "Martinez Reyes, Pedro Ramon"]
[Result "1-0"]
[WhiteTitle "GM"]
[BlackTitle "FM"]
[WhiteElo "2614"]
[BlackElo "2407"]
[WhiteTeam "Poland Hussars"]
[BlackTeam "Spain Raptors"]
[WhiteFideId "1116207"]
[BlackFideId "3901807"]
[EventDate "2020.01.06"]

1. Nf3 d5 2. b3 Nf6 3. Bb2 e6 4. e3 Be7 5. c4 c5 6. Nc3 Nc6 7. cxd5 exd5 8. d4
O-O 9. Be2 Ne4 10. dxc5 Bf6 11. Rc1 Nxc5 12. O-O Ne6 13. Rc2 d4 14. Ne4 Be7 15.
exd4 Nf4 16. Bc4 Bf5 17. Re1 Bb4 18. Bc3 Qa5 19. Bxb4 Nxb4 20. Rd2 Rae8 21. Nd6
Rxe1+ 22. Qxe1 Be6 23. g3 Bxc4 24. bxc4 Qh5 25. Qe3 Nh3+ 26. Kg2 h6 27. d5 f5
28. Qe6+ Kh7 29. Ne5 Qg5 30. Kxh3 Qxd2 31. Nd7 Qxf2 32. Nxf8+ Kh8 33. Nf7+ Kg8
34. Nxh6+ Kxf8 35. Qf7# 1-0